000 00422nam a2200181Ia 4500
008 170918s9999 xx 000 0 und d
020 _a451183665
050 _bC928ca 1968
100 _aCrichton, Michael
245 2 _aA case of need /
245 _cby Michael Crichton.
260 _aUSA :
260 _bSignet Book,
260 _c1968
300 _a416 pages :
300 _billustrations ;
300 _c17cm.
999 _c343400
_d343400